000 00545nam a2200193 4500
001 136831
003 ES-MaACL
005 20230906195234.0
007 t|
008 070214s1944 ag r ||||1| spa d
100 1 _aSagües, Isidoro.
_9101463
245 1 0 _aMal de ciudad /
_cIsidoro Sagües.
260 _aBuenos Aires :
_bLosada,
_c1944.
300 _a245 p. ;
_c21 cm.
490 1 _aNovelistas de España y América
830 0 _aNovelistas de España y América
_9185060
852 _aES-MaACL
_jD-5410
_bR.30724
999 _c136831
_d136831